[Event "Olympiad Women 2024"]
[Site "Budapest HUN"]
[Date "2024.09.22"]
[Round "11.26"]
[Board "3"]
[White "Vasquez Vasquez, Marielos"]
[Black "Azhar, Puteri Rifqah Fahada"]
[Result "1/2-1/2"]
[WhiteElo "1844"]
[BlackElo "1947"]
[PlyCount "85"]
[EventDate "2024.09.11"]
[WhiteTeam "El Salvador"]
[BlackTeam "Malaysia"]
[WhiteTeamCountry "ESA"]
[BlackTeamCountry "MAS"]

1. d4 {Huebner,Robert} d5 2. c4 c6 3. Nf3 Nf6 4. g3 Bf5 5. Qb3 Qb6 6. c5 Qxb3 7. axb3 Nbd7 ({RR} 7... Na6 8. Bd2 Ne4 9. e3 Nxd2 10. Kxd2 Nc7 ({RR} 10... Nb4) 11. Nc3 f6 12. b4 a6 13. Nh4 Bd7 14. Na4 Rd8 15. Nb6 g6 16. Bd3 e5 17. f4 e4 18. Be2 f5 19. Rhc1 Be7 20. Ng2 Be6 21. h3 Kf7 22. Rh1 {½-½ Adianto,U (2605)-Piket,J (2580) Donner Memorial 1996 (10)}) 8. Nc3 ({RR} 8. Nbd2 h6 9. b4 g5 10. b5 Bg7 11. bxc6 bxc6 12. Ra6 Nb8 13. Ra3 Nfd7 14. b4 O-O 15. Bb2 a5 16. Bc3 axb4 17. Rxa8 bxc3 18. Nb3 g4 19. Nh4 Bc2 20. Na1 Bh7 21. Nb3 Bc2 22. Na1 Bh7 {½-½ Flak,P (2160)-Luba,L (2068) TCh-POL 2nd League 2024 (4.14)}) 8... a6 9. b4 Rc8 10. e3 $146 ({RR} 10. Bf4 h6 11. h4 e6 12. Nd2 Rg8 13. h5 g5 14. hxg6 fxg6 15. Nb3 g5 16. Be3 Kf7 17. f3 h5 18. Bf2 Bg6 19. Na5 Rb8 20. g4 h4 21. Bg1 e5 22. Bh2 exd4 23. Nd1 Re8 24. Nxb7 Bd3 {1-0 Jaskolka,T (2213)-Balinski,D (2188) POL-chT 2nd League 2022 (2.73)}) ({RR} 10. Bg2 h6 11. O-O e6 12. Nd2 g5 13. f3 Bc2 14. e4 Bg7 15. Re1 Ng8 16. exd5 Bxd4+ 17. Kh1 Bxc3 18. dxc6 Bxb4 19. cxb7 Rxc5 20. Rxa6 Rd5 21. f4 Bxd2 22. Bxd2 Rxd2 23. Bc6 Kd8 24. Ra8+ Kc7 {0-1 Paredes Lagos,A (2217)-Henriquez Villagra,C (2587) ITT Fortalece Sede 2022 (10.1)}) ({RR} 10. Nh4 Bc2 11. Kd2 Bg6 12. Nxg6 hxg6 13. Bg2 e6 14. Kc2 Be7 15. f3 e5 16. dxe5 Nxe5 17. Be3 Bd8 18. Bd4 Bc7 19. f4 Ned7 20. Rad1 Kf8 21. Bf3 Re8 22. e3 Re7 23. h4 Kg8 24. g4 Nf8 {1-0 Aditya,V (2409)-Seres,L (2378) Budapest FS06 GM 2022 (5)}) 10... e6 11. Be2 h6 12. h4 Bg4 13. Nd2 Bxe2 14. Kxe2 Be7 15. f3 e5 16. Kd3 O-O 17. Nb3 Bd8 18. g4 Re8 19. g5 e4+ 20. Kc2 hxg5 21. hxg5 Nh7 22. f4 g6 23. Bd2 Kg7 24. Rh6 Rg8 25. Rah1 Nhf8 26. Ne2 Bc7 27. Bc3 Ne6 28. Rh7+ Kf8 29. Rf1 Ng7 30. Ng3 Ke8 31. Rh3 Nf8 32. Na5 Bxa5 33. bxa5 Nf5 34. Nxf5 gxf5 35. Rfh1 Ng6 36. Rh6 Ke7 37. Be1 Rh8 38. Rxh8 Rxh8 39. Rxh8 Nxh8 40. Kd2 Ng6 41. Ke2 f6 42. gxf6+ Kxf6 43. Bf2 1/2-1/2

[Event "Olympiad Women 2024"]
[Site "Budapest HUN"]
[Date "2024.09.22"]
[Round "11.26"]
[Board "4"]
[White "Nithyalakshmi, Sivanesan"]
[Black "Barahona, Dalila Yamileth"]
[Result "1-0"]
[WhiteElo "1912"]
[BlackElo "1833"]
[PlyCount "81"]
[EventDate "2024.09.11"]
[WhiteTeam "Malaysia"]
[BlackTeam "El Salvador"]
[WhiteTeamCountry "MAS"]
[BlackTeamCountry "ESA"]

1. e4 c5 2. Nf3 g6 3. c3 d5 4. e5 Nc6 5. d4 Bg7 6. Bb5 Qa5 $146 ({RR} 6... cxd4 7. cxd4 Qb6 8. Nc3 e6 9. Bxc6+ Qxc6 10. Bf4 h6 11. h4 Bd7 12. Rc1 Qb6 13. Qd2 Ne7 14. O-O Rc8 15. Rc2 Qd8 16. Rfc1 a6 17. Nd1 Rc6 18. Ne3 Kf8 19. Ng4 Nf5 20. Nf6 Bxf6 21. exf6 {1-0 Meier,G (2628)-Kovalenko,I (2674) Chess24 Banter Blitz Cup 2019 (3.13)}) ({RR} 6... Bg4 7. Nbd2 e6 8. Bxc6+ bxc6 9. dxc5 Ne7 10. Qa4 Bxf3 11. Nxf3 O-O 12. O-O Qc7 13. Re1 a5 14. Bg5 h6 15. Bf6 Rfb8 16. Re2 Qa7 17. Qa3 Qa6 18. Rae1 Bf8 19. Nd4 Qc4 20. Re3 a4 21. Rh3 {0-1 Praggnanandhaa,R (2749)-Jacobson,B (2575) FIDE World Rapid Team 2024 (12.4)}) ({RR} 6... Qb6 7. Bxc6+ bxc6 8. O-O cxd4 9. cxd4 Bg4 10. Nbd2 c5 11. dxc5 Qxc5 12. h3 Bd7 13. Nb3 Qc4 14. Be3 Bb5 15. Nbd2 Qd3 16. a4 Bd7 17. Ra3 Qa6 18. Nb3 Rc8 19. Nc5 Qa5 20. Nxd7 Kxd7 21. b4 {1-0 Roca Planas,E (2248)-Cano Sevilla,I (2094) TCh-CAT Gp2 2024 (7.7)}) ({RR} 6... cxd4 7. Nxd4 Bd7 8. f4 Nh6 9. O-O O-O 10. Bxc6 bxc6 11. b4 Qb6 12. Kh1 a5 13. Be3 axb4 14. Nc2 Qa6 15. Nxb4 Qc4 16. Bd4 Bg4 17. Nd2 Qb5 18. Qb3 Nf5 19. a4 Nxd4 20. cxd4 Qe2 21. Qc3 {1-0 Stefansson,V (2300)-Bjornsson,E (1919) Gardabaer-ch 2017 (1)}) ({RR} 6... cxd4 7. cxd4 Nh6 8. O-O O-O 9. Nc3 Bg4 10. Bxc6 bxc6 11. h3 Bxf3 12. Qxf3 Nf5 13. Qd3 e6 14. Na4 f6 15. Qc3 fxe5 16. dxe5 Qh4 17. g4 Nd4 18. Qxd4 Rf3 19. Re1 Raf8 20. Be3 Qxh3 21. Nc5 {½-½ Kostenko,P (2416)-Balmagambetov,T (1957) Aktobe Dvorkovich op 2022 (5)}) 7. Bxc6+ bxc6 8. O-O Rb8 9. dxc5 Qxc5 10. Be3 Qa5 11. b4 Qc7 12. Qa4 Bg4 13. Nbd2 f6 14. Nd4 fxe5 15. Qxc6+ Qd7 16. Qxd7+ Bxd7 17. N4b3 d4 18. cxd4 exd4 19. Nxd4 Rxb4 20. N2f3 Nf6 21. Rab1 Nd5 22. Rxb4 Nxb4 23. Rb1 a5 24. a3 Nc6 25. Rb7 Rf8 26. Nxc6 Bxc6 27. Ra7 Rf5 28. h4 a4 29. Bg5 Bxf3 30. gxf3 Rxf3 31. Rxe7+ Kf8 32. Re4 h6 33. Be3 Kf7 34. Rxa4 Rf5 35. Ra7+ Kg8 36. a4 Rh5 37. a5 Rxh4 38. a6 Bd4 39. Bxd4 Rxd4 40. Rb7 Ra4 41. a7 1-0

[Event "Olympiad Women 2024"]
[Site "Budapest HUN"]
[Date "2024.09.22"]
[Round "11.27"]
[Board "1"]
[White "Linares Napoles, Oleiny"]
[Black "Rouda Essa, Alserkal"]
[Result "1-0"]
[WhiteElo "2201"]
[BlackElo "2036"]
[PlyCount "97"]
[EventDate "2024.09.11"]
[WhiteTeam "Cuba"]
[BlackTeam "United Arab Emirates"]
[WhiteTeamCountry "CUB"]
[BlackTeamCountry "UAE"]

1. g4 d5 2. Bg2 e5 3. c4 Bc5 ({RR} 3... dxc4 4. Qa4+ c6 5. Qxc4 Be6 6. Qc2 Bxg4 7. Nc3 Nf6 8. h3 Be6 9. Nf3 Nbd7 10. Ng5 Bd5 11. e4 Bc4 12. d3 Ba6 13. Qb3 {½-½ Mastrovasilis,A (2547)-Landa,K (2554) ACP Blitz Playchess.com INT 2006 (7)}) ({RR} 3... dxc4 4. Na3 Bxa3 5. bxa3 c6 6. Rb1 Ne7 7. Qc2 Qd4 8. h3 O-O 9. Nf3 Qc5 10. d3 Na6 11. Qxc4 Qxc4 12. dxc4 f6 13. O-O Nc5 14. Be3 Na4 15. Rfc1 a5 16. Nd2 Rd8 17. Ne4 Kf7 18. Nc5 {0-1 Zhigalko,S (2572)-Aarav,D (2395) Titled Tue 23rd Apr Late 2024 (3)}) 4. cxd5 Bxg4 $146 ({RR} 4... Nf6 5. Nc3 Bxg4 6. Qb3 O-O 7. Nf3 Nbd7 8. h3 Bh5 9. d3 Nb6 10. Nxe5 Re8 11. Bf4 Bd4 12. Ng4 Nfd7 13. Nb5 Bxg4 14. Nxd4 Bh5 15. e4 Nc5 16. Qc2 Nxd5 17. Bd2 Nf4 18. Bxf4 Qxd4 19. O-O {1-0 Fischer,L-Reh,S Hessen-ch MVT 1997 (10)}) 5. Qa4+ Bd7 6. Qc4 Na6 7. Nc3 Nf6 8. e3 Nb4 9. Kf1 Bd6 10. a3 Na6 11. b4 Rb8 12. Bb2 b5 13. Qd3 h5 14. Re1 Ng4 15. h3 Nh6 16. Qe2 Nf5 17. Nf3 Nh4 18. Nxh4 Qxh4 19. d4 O-O 20. Ne4 exd4 21. Bxd4 f5 22. Nxd6 cxd6 23. f4 Rbc8 24. Bf3 Be8 25. Qf2 Qxf2+ 26. Kxf2 Rc2+ 27. Re2 Rxe2+ 28. Kxe2 g6 29. Bxa7 Bd7 30. Rc1 Ra8 31. Bd4 Kf7 32. Kd3 Rg8 33. h4 Rc8 34. Rxc8 Bxc8 35. Bb6 Bd7 36. Kc3 Kf6 37. Be2 Ke7 38. a4 Nxb4 39. Kxb4 bxa4 40. Bd1 Bc8 41. Bxa4 Ba6 42. Bb5 Bb7 43. Bc6 Ba6 44. Ka5 Bc4 45. Bd4 Ba2 46. Kb6 Bc4 47. Kc7 Ba2 48. Bc3 Bb3 49. Bb4 1-0

[Event "Olympiad Women 2024"]
[Site "Budapest HUN"]
[Date "2024.09.22"]
[Round "11.27"]
[Board "2"]
[White "Al Maamari, Wafia Darwish"]
[Black "Miranda Llanes, Yerisbel"]
[Result "1/2-1/2"]
[WhiteElo "1908"]
[BlackElo "2294"]
[PlyCount "93"]
[EventDate "2024.09.11"]
[WhiteTeam "United Arab Emirates"]
[BlackTeam "Cuba"]
[WhiteTeamCountry "UAE"]
[BlackTeamCountry "CUB"]

1. Nf3 d5 2. d4 Nf6 3. c4 e6 4. e3 Nbd7 5. Nbd2 c6 6. Bd3 Be7 7. O-O O-O 8. e4 dxe4 9. Nxe4 Nxe4 10. Bxe4 Nf6 11. Bc2 c5 12. Qd3 cxd4 13. Bg5 g6 14. Qxd4 Qxd4 15. Nxd4 Bd7 16. Nf3 Rfd8 17. Rad1 Be8 18. h4 $146 ({RR} 18. Ne5 Kg7 19. b3 Rac8 20. Bc1 Rxd1 21. Rxd1 Rd8 22. Bb2 Kf8 23. Kf1 h5 24. Ke2 Nd7 25. Be4 Nxe5 26. Bxe5 Rxd1 27. Kxd1 Bc6 28. Bxc6 bxc6 29. Bd4 a6 30. Kc2 Ke8 31. Kd3 Kd7 32. c5 e5 {½-½ Lahlum,H (2221)-Sorgjerd,J (2131) NOR-chT 1011 2010 (7)}) 18... Kf8 19. Rxd8 Rxd8 20. Rd1 Rc8 21. Bd3 Ng4 22. Bxe7+ Kxe7 23. Be2 e5 24. Rd5 Bc6 25. Ra5 a6 26. Nxe5 Nxe5 27. Rxe5+ Kd6 28. Re3 a5 29. Kf1 Rc7 30. g4 h6 31. g5 hxg5 32. hxg5 Rc8 33. Bf3 b6 34. Bxc6 Rxc6 35. Rf3 Ke7 36. b3 Rc5 37. Rf6 b5 38. cxb5 Rxb5 39. f4 a4 40. bxa4 Ra5 41. Kf2 Rxa4 42. Kf3 Rxa2 43. Rb6 Ra3+ 44. Kg4 Ra7 45. Rf6 Ra3 46. Rb6 Ra7 47. Rf6 1/2-1/2

[Event "Olympiad Women 2024"]
[Site "Budapest HUN"]
[Date "2024.09.22"]
[Round "11.27"]
[Board "3"]
[White "Forgas Moreno, Yaniela"]
[Black "Mariam, Essa"]
[Result "0-1"]
[WhiteElo "2203"]
[BlackElo "1779"]
[PlyCount "154"]
[EventDate "2024.09.11"]
[WhiteTeam "Cuba"]
[BlackTeam "United Arab Emirates"]
[WhiteTeamCountry "CUB"]
[BlackTeamCountry "UAE"]

1. e4 c5 2. Nc3 Nc6 3. g3 g6 4. Bg2 Bg7 5. d3 e5 6. Nge2 Nge7 7. O-O O-O 8. f4 d6 9. Be3 Nd4 10. Qd2 Be6 11. h3 ({RR} 11. Rab1 Rc8 12. a4 Qd7 13. b3 Bg4 14. Kh1 d5 15. fxe5 dxe4 16. Bxe4 Bxe5 17. Nf4 Rfe8 18. Rbe1 Ne6 19. Nfd5 Nxd5 20. Nxd5 Bh3 21. Nf6+ Bxf6 22. Rxf6 Nd4 23. Qf2 Re7 24. b4 Qxa4 25. c3 Nc2 {½-½ Boric,M (2398)-Kozul,Z (2611) CRO-chT Pula 2000 (2)}) 11... b5 $146 ({RR} 11... f5 12. Kh2 Qd7 13. Rae1 Bh6 14. Rc1 Rab8 15. fxe5 Bxe3 16. Qxe3 fxe4 17. Nxd4 cxd4 18. Qxd4 Nc6 19. Qxd6 Qxd6 20. exd6 exd3 21. cxd3 Rxf1 22. Rxf1 Kg7 23. Re1 Bf7 24. a3 Rd8 25. Ne4 Bd5 26. b4 {1-0 Duehrssen,R-Kunert,F Ebensee Meisterturnier 1930 (1)}) ({RR} 11... Qd7 12. Kh2 Rac8 13. Nd5 Bxd5 14. exd5 Nef5 15. Nxd4 cxd4 16. Bf2 Rc7 17. g4 Bh6 18. Bg1 Ne3 19. Bxe3 dxe3 20. Qe2 Bxf4+ 21. Kh1 Rfc8 22. c4 Qd8 23. b3 Qg5 24. Qf3 Re7 25. Rae1 Qh4 26. a4 {½-½ Xu,C (1590)-Hu,Z Chinese Youth U14 2024 (9.29)}) ({RR} 11... Qd7 12. Kh2 Rac8 13. Nd1 Nxe2 14. Qxe2 exf4 15. gxf4 f5 16. c3 b6 17. Nf2 Rfe8 {½-½ Siaperas,T-Kurajica,B Zagreb 1969 (9)}) ({RR} 11... Qd7 12. Kh2 f5 13. Ng1 Rae8 14. Rae1 b6 15. b3 d5 16. Nxd5 Nxd5 17. exd5 Bxd5 18. Qf2 exf4 19. Bxf4 Qc6 20. c3 Bxg2 21. Qxg2 Qxg2+ 22. Kxg2 Nc6 23. Rc1 Rf7 24. Rc2 Rd7 25. Rd1 Red8 26. d4 {½-½ Molari,J-Szekely,P (2440) EU-chT Railways USIC 10th 1980 (4.2)}) 12. Kh2 Rb8 13. Ng1 b4 14. Nd1 b3 15. axb3 exf4 16. Bxf4 Bxb3 17. c3 Ndc6 18. Ne3 Rb7 19. Ra6 Be6 20. Nc4 Bxc4 21. dxc4 Qc8 22. Ra2 Qe6 23. Rfa1 Rd8 24. Qe2 Ne5 25. Rxa7 Rxa7 26. Rxa7 Nc8 27. Ra8 Nxc4 28. h4 N4b6 29. Rb8 Qe7 30. Qa6 Qc7 31. Rb7 Qc6 32. e5 d5 33. c4 Qe6 34. Bg5 Re8 35. cxd5 Nxd5 36. Qc4 Ncb6 37. Qxc5 Bxe5 38. Qb5 Bxg3+ 39. Kh1 Bf2 40. Nh3 Qc8 41. Bd2 Be3 42. Ba5 Re4 43. Qf1 Qxb7 44. Bxe4 Qe7 45. Qf3 Qxh4 46. Kg2 Nf6 47. Bc6 Qg4+ 48. Qxg4 Nxg4 49. Bc3 f5 50. Ng1 Kf7 51. Nf3 Ke6 52. Bb7 Nd5 53. Ba5 Nf4+ 54. Kf1 h5 55. b4 Nd3 56. b5 Nde5 57. b6 Kd6 58. Nh4 Bg5 59. Bb4+ Kd7 60. Bd5 Ne3+ 61. Ke2 Nxd5 62. b7 Kc7 63. Bd6+ Kxb7 64. Nxf5 gxf5 65. Bxe5 Bf4 66. Bd4 h4 67. Kf1 h3 68. Bg7 Ne3+ 69. Kg1 Ng4 70. Bd4 Kc6 71. Kh1 Kd5 72. Bb6 Be3 73. Bc7 Ke4 74. Bg3 Bf4 75. Bh4 Kf3 76. Be1 Bg3 77. Bf2 Nxf2+ 0-1

[Event "Olympiad Women 2024"]
[Site "Budapest HUN"]
[Date "2024.09.22"]
[Round "11.27"]
[Board "4"]
[White "Anoud Eisa Bashkardi"]
[Black "Hernandez Gil, Ineymig"]
[Result "1/2-1/2"]
[WhiteElo "1811"]
[BlackElo "2160"]
[PlyCount "219"]
[EventDate "2024.09.11"]
[WhiteTeam "United Arab Emirates"]
[BlackTeam "Cuba"]
[WhiteTeamCountry "UAE"]
[BlackTeamCountry "CUB"]

1. e4 c5 2. Nf3 Nc6 3. Bb5 e6 4. O-O Nge7 5. Re1 b6 6. c3 a6 7. Bf1 d5 8. exd5 Nxd5 9. d4 cxd4 10. Nxd4 Bb7 11. a3 $146 ({RR} 11. Nxc6 Bxc6 12. Qd4 Qf6 13. Qxf6 Nxf6 14. Be3 b5 15. Nd2 Be7 16. Nb3 O-O 17. Bc5 Bxc5 18. Nxc5 Rfc8 19. Nb3 Bd5 20. Red1 Nd7 21. Rd2 Kf8 22. f3 Nb6 23. Na5 Rc7 24. Kf2 Na4 25. Be2 Rd8 {0-1 Malicka,M (2350)-Daggupati,B (2492) Los Angeles Labor Day GM 2022 (8)}) ({RR} 11. Nxc6 Bxc6 12. c4 Nf6 13. Be3 Qc7 14. Nc3 Rd8 15. Qc1 Bd6 16. h3 O-O 17. a3 Nh5 18. Qc2 Nf4 19. Ne4 Be5 20. g3 Ng6 21. Ng5 h6 22. Nxe6 Nh4 23. Bg2 fxe6 24. gxh4 Bxg2 25. Kxg2 Qc6+ {½-½ Huschenbeth,N (2594)-Vogel,R (2546) 95th ch-GER Masters 2024 (2.3)}) ({RR} 11. Nxc6 Bxc6 12. c4 Nf6 13. Qxd8+ Rxd8 14. Be3 Bc5 15. Nc3 Ke7 16. Rad1 Rxd1 17. Nxd1 Rd8 18. Nc3 a5 19. Rd1 Bxe3 20. fxe3 Rc8 21. Be2 Nd7 22. b3 Ne5 23. Kf2 f5 24. Bf3 Bd7 25. h4 h6 {½-½ Poormosavi,S (2427)-Darini,P (2436) IRI-ch Sari 2022 (12)}) ({RR} 11. Nxc6 Bxc6 12. Nd2 Be7 13. a4 O-O 14. Nc4 Qc7 15. Qg4 Rfe8 16. Ne5 Bb7 17. c4 Nf6 18. Qh3 Bb4 19. Re2 Rad8 20. Bg5 Be7 21. Rae1 Bc8 22. Re3 Rd4 23. b3 Red8 24. Bd3 g6 25. Rf3 Nd7 {1-0 Xu,Y (2510)-Darini,P (2405) Titled Tue 27th Dec Early 2022 (8)}) 11... Be7 12. c4 Nf6 13. Nxc6 Bxc6 14. Nc3 Qc7 15. Bg5 Rd8 16. Qe2 O-O 17. Rad1 h6 18. Be3 Rxd1 19. Rxd1 Rc8 20. Bd4 Qb7 21. h3 Nd7 22. Nd5 Bf8 23. Nb4 Ba4 24. Rc1 Nc5 25. Qe3 Rd8 26. Re1 Qd7 27. Bc3 Bb3 28. Qc1 a5 29. Nc2 Nd3 30. Bxd3 Qxd3 31. Ne3 Bc5 32. Ng4 h5 33. Qg5 Rd4 34. Ne5 Qf5 35. Qxf5 exf5 36. Bxd4 Bxd4 37. Nf3 Bf6 38. Nd2 Ba4 39. b3 Bc6 40. Rd1 g6 41. Nf1 Be7 42. Ra1 f4 43. Nd2 f6 44. Kf1 Kf7 45. Nf3 Bc5 46. Ne1 Be4 47. Ke2 g5 48. f3 Bf5 49. Nd3 Be3 50. b4 axb4 51. axb4 Ke7 52. Ra7+ Kd6 53. Ra6 Ke7 54. Nb2 Bc8 55. Ra7+ Kd6 56. Rh7 h4 57. Rh8 Bf5 58. Na4 Be6 59. Kd3 Bf5+ 60. Kc3 Ke5 61. Rb8 Bd4+ 62. Kb3 Bd3 63. Nxb6 Bf1 64. c5 Bxg2 65. Re8+ Kf5 66. Kc4 Bf2 67. b5 Bxh3 68. Nc8 Bf1+ 69. Kd5 Kg6 70. b6 Ba6 71. Nd6 h3 72. Ra8 h2 73. Rxa6 h1=Q 74. Ra3 Be3 75. b7 Qxf3+ 76. Ne4 Qd1+ 77. Kc6 Qb1 78. Nd6 f3 79. Rxe3 f2 80. Rf3 Qh1 81. b8=Q Qxf3+ 82. Kc7 Kh5 83. Qe8+ Kg4 84. Qe6+ f5 85. Qc4+ Kg3 86. Qf1 Qg2 87. Nxf5+ Kh2 88. Qxg2+ Kxg2 89. Ne3+ Kf3 90. Nf1 Ke2 91. Ng3+ Kf3 92. Nf1 g4 93. Kb7 g3 94. Nxg3 Kxg3 95. c6 f1=Q 96. c7 Qb5+ 97. Ka8 Qc6+ 98. Kb8 Qb6+ 99. Ka8 Qc6+ 100. Kb8 Qd6 101. Kb7 Qd7 102. Kb8 Qb5+ 103. Ka8 Qa5+ 104. Kb8 Qb6+ 105. Ka8 Qe6 106. Kb8 Qe5 107. Kb7 Qb5+ 108. Ka8 Qd7 109. Kb8 Qxc7+ 110. Kxc7 1/2-1/2

[Event "Olympiad Women 2024"]
[Site "Budapest HUN"]
[Date "2024.09.22"]
[Round "11.28"]
[Board "1"]
[White "Movsesian, Julia"]
[Black "Dornbusch, Tatiana"]
[Result "1-0"]
[WhiteElo "2198"]
[BlackElo "2212"]
[PlyCount "113"]
[EventDate "2024.09.11"]
[WhiteTeam "Czech Republic"]
[BlackTeam "Monaco"]
[WhiteTeamCountry "CZE"]
[BlackTeamCountry "MNC"]

1. e4 e5 2. Nf3 Nc6 3. d4 exd4 4. Nxd4 Bc5 5. Nb3 Bb6 6. Nc3 d6 7. Qe2 a5 8. Be3 a4 9. Bxb6 axb3 10. Be3 bxa2 11. Rxa2 Rxa2 12. Nxa2 Nge7 13. Nc3 O-O 14. Qd2 f5 15. f3 fxe4 16. Nxe4 d5 17. Ng3 Nf5 18. Be2 $146 ({RR} 18. Nxf5 Bxf5 19. Be2 d4 20. Bf2 d3 21. cxd3 Nd4 22. O-O Nxe2+ 23. Qxe2 Qxd3 24. Qe5 Qd7 25. Rc1 c6 26. Re1 Bg6 27. h4 Re8 28. Qf4 Rxe1+ 29. Bxe1 h5 30. Bc3 Qf7 31. Qe5 Bc2 32. Kf2 Bb3 {½-½ Gavrilescu,D (2534)-Hracek,Z (2550) Bundesliga 2023-24 (6.3)}) 18... Nxe3 19. Qxe3 Qf6 20. c3 d4 21. cxd4 Nxd4 22. Bc4+ Kh8 23. O-O Nc2 24. Qf2 Qd4 25. Qxd4 Nxd4 26. Re1 Be6 27. Rxe6 Nxe6 28. Bxe6 Re8 29. Bc4 b5 30. Bxb5 Rb8 31. Bd3 Rxb2 32. Ne4 h6 33. h4 Kg8 34. h5 Kf7 35. Bc4+ Ke7 36. Kf1 Rb6 37. Ke2 g6 38. hxg6 Rxg6 39. g4 Rb6 40. Ke3 Rb1 41. f4 Rh1 42. f5 Rc1 43. f6+ Kf8 44. Kd4 Rg1 45. Be6 Rd1+ 46. Ke5 Rc1 47. Kf5 Rc6 48. g5 hxg5 49. Nxg5 Rc5+ 50. Kg6 Ke8 51. Nh7 Rc6 52. Kg7 Rxe6 53. f7+ Ke7 54. f8=Q+ Kd7 55. Nf6+ Kc6 56. Qa8+ Kd6 57. Qd5+ 1-0

[Event "Olympiad Women 2024"]
[Site "Budapest HUN"]
[Date "2024.09.22"]
[Round "11.28"]
[Board "2"]
[White "Zvereva, Marija"]
[Black "Kanakova, Natalie"]
[Result "0-1"]
[WhiteElo "2035"]
[BlackElo "2145"]
[PlyCount "110"]
[EventDate "2024.09.11"]
[WhiteTeam "Monaco"]
[BlackTeam "Czech Republic"]
[WhiteTeamCountry "MNC"]
[BlackTeamCountry "CZE"]

1. e4 c5 2. Nc3 g6 3. f4 Bg7 4. Nf3 Nc6 5. a4 d6 6. Bb5 e6 7. Bxc6+ bxc6 8. e5 d5 9. d3 Ne7 10. O-O a5 $146 ({RR} 10... h5 11. a5 Ba6 12. b3 Nf5 13. Na4 Qxa5 14. Bd2 Qb5 15. c4 dxc4 16. bxc4 Qb8 17. Nxc5 Qb6 18. Rxa6 Qxc5+ 19. Kh1 O-O 20. Qa4 Rfc8 21. g3 Rab8 22. d4 Qf8 23. c5 Rb2 24. Rxa7 Qd8 25. Bc3 {1-0 Rosenberg,E (2016)-Dardha,A (2217) Titled Tuesday intern op 05th Jul Late blitz 2022 (5)}) 11. g4 h5 12. h3 Qb6 13. Kg2 Ba6 14. Ng5 Bh6 15. Qf3 hxg4 16. hxg4 Bxg5 17. fxg5 Rh7 18. Qf6 Kd7 19. Rh1 Rxh1 20. Kxh1 Qb4 21. Qf3 Rh8+ 22. Kg2 Qb8 23. Qg3 c4 24. d4 c5 25. Ne2 c3 26. Nxc3 cxd4 27. Nb5 Bxb5 28. axb5 Qxb5 29. Qf2 Rc8 30. Ra3 d3 31. Rxd3 Qc4 32. Bf4 Qxc2 33. Rd2 Qe4+ 34. Kg3 Ke8 35. Re2 Qa4 36. Rd2 Qb3+ 37. Kg2 Rc4 38. Re2 Qd1 39. Kg3 Qb3+ 40. Re3 Qb4 41. b3 Rc3 42. Qf3 d4 43. Rd3 Rxd3 44. Qxd3 Qc3 45. Qxc3 dxc3 46. Kf3 Nd5 47. Bc1 Nb4 48. Ke2 Kd7 49. Be3 Kc6 50. Bd4 c2 51. Kd2 Kb5 52. Kc1 a4 53. bxa4+ Kxa4 54. Kb2 Kb5 55. Bc3 c1=Q+ 0-1

[Event "Olympiad Women 2024"]
[Site "Budapest HUN"]
[Date "2024.09.22"]
[Round "11.28"]
[Board "3"]
[White "Rodshtein, Tereza"]
[Black "Berezovsky, Fiorina"]
[Result "1-0"]
[WhiteElo "2149"]
[BlackElo "1976"]
[PlyCount "59"]
[EventDate "2024.09.11"]
[WhiteTeam "Czech Republic"]
[BlackTeam "Monaco"]
[WhiteTeamCountry "CZE"]
[BlackTeamCountry "MNC"]

1. e4 c5 2. Nf3 Nc6 3. Nc3 g6 4. d4 cxd4 5. Nxd4 Bg7 6. Nb3 d6 7. Be2 Nf6 8. Be3 O-O 9. O-O Bd7 10. f4 Rc8 11. Bf3 Qc7 ({RR} 11... Be6 12. Nd5 Nd7 13. c3 Bxd5 14. Qxd5 Qc7 15. a4 b6 16. a5 Nc5 17. axb6 axb6 18. Nd4 e6 19. Qc4 Nxd4 20. cxd4 Nd7 21. Qb5 Qc6 22. Qxc6 Rxc6 23. e5 d5 24. Rfc1 Nb8 25. Be2 Rfc8 26. Bb5 {1-0 Tiviakov,S (2647)-Donchenko,A (2304) Hoogeveen Unive op 15th 2011 (2)}) 12. Kh1 ({RR} 12. g4 Rfd8 13. f5 b5 14. g5 Ne8 15. Nd5 Qb8 16. Nd4 Bf8 17. Bg2 e6 18. fxe6 Bxe6 19. Nxe6 fxe6 20. Qf3 Bg7 21. Bh3 Nc7 22. Nf6+ Kh8 23. Qg3 Ne5 24. Bd4 Rf8 25. Rf2 Bxf6 26. gxf6 Nf7 {1-0 Pribelszky,B (2368)-Deac,D (1900) 17th Arad Open 2024 (6.23)}) 12... Rfd8 13. g4 Be6 $146 ({RR} 13... Qb8 14. g5 Ne8 15. Bg4 Bxg4 16. Qxg4 b5 17. f5 Bxc3 18. bxc3 Ne5 19. Qf4 Ng7 20. Bd4 b4 21. fxg6 fxg6 22. Bxe5 dxe5 23. Qf7+ Kh8 24. Qxe7 Rxc3 25. Rf7 Re8 26. Qf6 Rg8 27. Rd1 Qa8 28. Rd5 {1-0 Gara,T (2359)-Ivekovic,T (2115) Mitropa Cup (Women) 2016 (5.1)}) 14. g5 Ne8 15. Bg2 Qd7 16. f5 gxf5 17. Qh5 Bxc3 18. bxc3 Ng7 19. Qh6 Bxb3 20. axb3 a6 21. Rf4 Qe6 22. Raf1 Qxh6 23. gxh6 e5 24. Rh4 Ne6 25. exf5 Nf4 26. Rg4+ Kh8 27. Bxc6 Rxc6 28. Rfxf4 Rxc3 29. Rf3 f6 30. Bg5 1-0

[Event "Olympiad Women 2024"]
[Site "Budapest HUN"]
[Date "2024.09.22"]
[Round "11.28"]
[Board "4"]
[White "Berezovska, Svetlana"]
[Black "Novosadova, Kristyna"]
[Result "0-1"]
[WhiteElo "1869"]
[BlackElo "2066"]
[PlyCount "56"]
[EventDate "2024.09.11"]
[WhiteTeam "Monaco"]
[BlackTeam "Czech Republic"]
[WhiteTeamCountry "MNC"]
[BlackTeamCountry "CZE"]

1. e4 e5 2. Nf3 Nc6 3. d4 exd4 4. Nxd4 Bc5 5. Nb3 Bb6 6. Nc3 Qf6 7. Qe2 Nge7 8. Be3 d6 9. O-O-O Bd7 10. Kb1 ({RR} 10. g3 h5 11. Bg2 h4 12. f4 O-O-O 13. Bxb6 axb6 14. Kb1 Qg6 15. Qf2 f5 16. Rde1 fxe4 17. Bxe4 Bf5 18. Bxf5+ Nxf5 19. Rhg1 hxg3 20. hxg3 Qg4 21. Nd2 Rh3 22. Nf1 Ncd4 23. Ne3 Nxe3 24. Rxe3 Nf5 {1-0 Mchedlishvili,M (2587)-Erdos,V (2615) Abu Dhabi op Blitz 27th 2021 (5)}) ({RR} 10. g3 O-O-O 11. Bxb6 axb6 12. Bg2 g5 13. Rhf1 Kb8 14. Kb1 g4 15. f4 gxf3 16. Rxf3 Qg6 17. Rf4 h5 18. Rdf1 Ne5 19. Nd4 Rde8 20. Qf2 N7c6 21. Nf5 Be6 22. Nd5 Ng4 23. Qg1 Nge5 24. b3 Qg5 {½-½ Schippke,M (2135)-Georgescu,L (2231) Mitropa Cup Women 2024 (2.14)}) 10... O-O-O 11. f3 Qg6 $146 ({RR} 11... Kb8 12. Nb5 Rhe8 13. Bxb6 axb6 14. Qc4 Be6 15. Qa4 d5 16. Bd3 Nc8 17. N3d4 Nxd4 18. Qxd4 Qg5 19. Qc3 c6 20. h4 Qg3 21. Nd4 g6 22. Rdg1 dxe4 23. Bxe4 Bd5 24. Bxd5 Rxd5 25. Qc4 Nd6 26. Qc3 {0-1 Bounlom,J (1822)-Huynh,L (1990) EU Union-ch U14 15th 2017 (2)}) ({RR} 11... Kb8 12. g3 Rhe8 13. Bg2 Qg6 14. Rhe1 f5 15. Bxb6 axb6 16. f4 fxe4 17. Bxe4 Bf5 18. Qf3 Qg4 19. Qg2 Bxe4 20. Qxe4 Qh5 21. Qg2 Nf5 22. Qf2 Qf7 23. g4 Nh6 24. h3 Rxe1 25. Rxe1 Re8 26. a3 {½-½ Ballester Llagaria,L (2299)-Gonzalvez Tamarit,R (1974) Xativa Murta op 2nd 2016 (2)}) 12. Bxb6 axb6 13. Qf2 h5 14. Be2 f5 15. Rd2 h4 16. Re1 f4 17. Bb5 Ne5 18. Bxd7+ Kxd7 19. Nd5 Nxd5 20. Rxd5 h3 21. g3 fxg3 22. hxg3 h2 23. Qg2 Qh5 24. Rh1 Qxf3 25. Qxf3 Nxf3 26. Kc1 Rdf8 27. Rf5 Rxf5 28. exf5 Re8 0-1